Folklore Chileno
Saved in:
| Hovedforfatter: | |
|---|---|
| Format: | Bog |
| Sprog: | spansk |
| Udgivet: |
Santiago
s.n
1940
|
| Fag: | |
| Tags: |
Tilføj Tag
Ingen Tags, Vær først til at tagge denne postø!
|
MARC
| LEADER | 00000nam a2200000 a 4500 | ||
|---|---|---|---|
| 001 | UCX0475 | ||
| 003 | CL-VaPUC | ||
| 008 | 891024e19400000CL |||||||||||||||||spa|d | ||
| 082 | 0 | 4 | |a 398.083 |b LAV |2 21 |
| 100 | |a Laval, Ramón A |e author |q Laval Alvial, Ramón |9 505149 | ||
| 245 | 1 | 0 | |a Folklore Chileno |
| 300 | |a v | ||
| 942 | |c BK | ||
| 945 | |d 19891024 00:00:00 | ||
| 260 | |a Santiago |b s.n |c 1940 | ||
| 650 | 7 | |a FOLKLORE |2 CL-VaPUC |9 268291 | |
| 651 | 7 | |a CHILE |2 CL-VaPUC |9 315896 | |
| 583 | |a last modification |c 20120703 11:19:33 |k Rodrigo Vera | ||
| 999 | |c 222070 |d 222068 | ||
| 952 | |0 0 |1 0 |4 0 |6 398_083000000000000_LAV_1940 |7 0 |8 P |9 216264 |a BIBEDU |b BIBEDU |c BIBEDU_PB |d 2019-11-15 |i 2848724 |o 398.083 LAV 1940 |p 2848724 |r 2024-01-25 |w 2019-11-15 |y BK |k EDU | ||